Multikulturalismus auf dem Prüfstand Kultur, Identität und Differenz in modernen Einwanderungsgesellschaften
Gespeichert in:
| 1. Verfasser: | |
|---|---|
| Format: | Buch |
| Sprache: | Englisch |
| Veröffentlicht: |
Berlin
Metropol
2009
|
| Schlagworte: | |
| Tags: |
Keine Tags, Fügen Sie das erste Tag hinzu!
|
MARC
| LEADER | 00000nam a2200000 4500 | ||
|---|---|---|---|
| 001 | 0222425 | ||
| 005 | 20240314103505.4 | ||
| 020 | |a 978-3-940938-43-5 | ||
| 041 | 0 | |a eng | |
| 044 | |a DE | ||
| 245 | 1 | 0 | |a Multikulturalismus auf dem Prüfstand |b Kultur, Identität und Differenz in modernen Einwanderungsgesellschaften |c Imke Leicht |
| 264 | 1 | |a Berlin |b Metropol |c 2009 | |
| 300 | |a 205 s. | ||
| 610 | 2 | 0 | |a multikulturalizmus |
| 610 | 2 | 0 | |a identita |
| 610 | 2 | 0 | |a kultúra |
| 610 | 2 | 0 | |a migrácia |
| 610 | 2 | 0 | |a spoločnosť občianska |
| 100 | 1 | |a Leicht, Imke | |